Culture Générale - Série 650 - Statistiques

Statistiques générales
  • Ce quiz a été pris 176 fois
  • Le résultat moyen est 6 sur 10
Statistiques - réponses
Question Réponse % Correct
De quelle langue vient le terme de football "dribble" ? anglais
93%
Quel était le prénom de l'éventreur du quartier londonien de Whitechapel de la fin du XIXe siècle ? Jack
93%
Dans quel pays se déroule la série policière "Millénium", de Stieg Larsson? Suède
69%
Quel prêtre, fondateur de la communauté Emmaüs, est décédé le 22 janvier 2007 ? L'Abbé Pierre
65%
Dans quelle Région administrative de Belgique se trouvent les villes d'Anvers, de Gand et de Bruges ? Flandre
64%
Quel réalisateur a mis en scène Grace Kelly dans le film : "Le Crime était presque parfait" ? Alfred Hitchcock
61%
Quel acteur et réalisateur américain a reçu l'Oscar du meilleur réalisateur pour le film : "Million Dollar Baby" ? Clint Eastwood
57%
De quelle série télévisée le sympathique majordome Jonathan Higgins est-il l'un des héros ? Magnum
45%
Quel peintre français, auteur des toiles "La Danse" et "Luxe, Calme et Volupté", est considéré comme le chef de file du fauvisme ? Henri Matisse
31%
Quel auteur britannique a écrit "Les Aventures de M. Pickwick" ? Charles Dickens
21%
Aucun quiz correspondant
Distribution des résultats
% des personnes avec chaque résultat
Percentile par nombre de réponses
Votre historique - résultats
Vous n’avez pas pris ce quiz